[Event "World Blitz 2016"]
[Site "Doha QAT"]
[Date "2016.12.29"]
[Round "2.35"]
[White "Christiansen, Johan-Sebastian"]
[Black "Jobava, Baadur"]
[Result "0-1"]
[WhiteTitle "IM"]
[BlackTitle "GM"]
[WhiteElo "2429"]
[BlackElo "2702"]
[WhiteFideId "1512668"]
[BlackFideId "13601520"]
[EventDate "2016.12.29"]

1. Nf3 Nf6 2. c4 g6 3. g3 Bg7 4. Bg2 O-O 5. d4 d6 6. O-O Nbd7 7. Nc3 e5 8. b3
Re8 9. e4 c6 10. Be3 Qa5 11. Bd2 Qb6 12. d5 Nc5 13. Qc2 cxd5 14. cxd5 Bd7 15.
Rac1 Rec8 16. Qb1 Qd8 17. h3 a5 18. Be3 b5 19. Nd2 Ne8 20. Rfd1 f5 21. a3 Nf6
22. b4 axb4 23. axb4 Na6 24. Qb2 Nh5 25. exf5 gxf5 26. Bf3 Nf6 27. Bg5 Qf8 28.
Bg2 e4 29. Nf1 Rc4 30. Na2 Nxd5 31. Qb3 Nb6 32. Ne3 d5 33. Bf4 Be6 34. Qb1 d4
35. Nxc4 bxc4 36. b5 Nc5 37. Bf1 Nd3 38. Bxd3 exd3 39. Nb4 Nd5 40. Nxd5 Bxd5 41.
b6 Qf7 42. Qb5 Rd8 43. Bc7 Qh5 44. Bxd8 Qf3 45. Qe8+ Bf8 0-1

[Event "World Blitz 2016"]
[Site "Doha QAT"]
[Date "2016.12.29"]
[Round "2.36"]
[White "Bortnyk, Olexandr"]
[Black "Venkatesh, M.R."]
[Result "1-0"]
[WhiteTitle "GM"]
[BlackTitle "GM"]
[WhiteElo "2581"]
[BlackElo "2439"]
[WhiteFideId "14120828"]
[BlackFideId "5005779"]
[EventDate "2016.12.29"]

1. e4 d5 2. exd5 Nf6 3. Nc3 Nxd5 4. Bc4 Nb6 5. Bb3 Nc6 6. d3 Nd4 7. Nge2 Nxb3 8.
axb3 g6 9. Be3 Bd7 10. Qd2 Bg7 11. Bh6 Bf6 12. Ne4 Bxb2 13. Ra2 Be5 14. d4 Bc6
15. Qe3 Nd5 16. Qg5 Bf6 17. Qd2 e6 18. c4 Nb6 19. Nxf6+ Qxf6 20. O-O Qe7 21. d5
Bd7 22. Re1 a6 23. Nd4 O-O-O 24. Bg5 f6 25. Nxe6 Bxe6 26. Bf4 Rhe8 27. Qc3 Qf7
28. dxe6 Rxe6 29. Rc1 Re4 30. Be3 Nd7 31. b4 Ne5 32. Qb3 Rxc4 33. Rf1 Rc6 34.
Qb1 Qc4 35. h3 Qb5 36. Ra5 Qd3 37. Qa2 Nc4 38. b5 Nxa5 39. bxc6 Nxc6 40. Qe6+
Kb8 41. Qxf6 Qf5 42. Qh4 Qd7 43. Rc1 h5 44. Bf4 Qe6 45. Kh2 Rd7 46. Bg3 b6 47.
Qa4 Kb7 48. Qa1 a5 49. Re1 Qf5 50. Qc3 g5 51. Rc1 Qd5 52. h4 gxh4 53. Bxh4 Nd4
54. Re1 Nf5 55. Bf6 Nd6 56. Bh4 Qc6 57. Qh3 a4 58. f4 Rf7 59. Bg5 Ne4 60. Qxh5
Nxg5 61. fxg5 Rg7 62. Re3 Qc5 63. Rg3 b5 64. Qf3+ Kb6 65. Qf6+ Qd6 66. Qxg7 a3
67. g6 b4 68. Qf7 Qd4 69. Qe6+ Ka5 70. g7 1-0

[Event "World Blitz 2016"]
[Site "Doha QAT"]
[Date "2016.12.29"]
[Round "2.37"]
[White "Henriquez Villagra, Cristobal"]
[Black "Onischuk, Vladimir"]
[Result "1/2-1/2"]
[WhiteTitle "IM"]
[BlackTitle "GM"]
[WhiteElo "2517"]
[BlackElo "2601"]
[WhiteFideId "3409350"]
[BlackFideId "14114038"]
[EventDate "2016.12.29"]

1. e4 d6 2. d4 Nf6 3. Nc3 g6 4. Nf3 Bg7 5. h3 O-O 6. Be2 a6 7. a4 Nc6 8. O-O e5
9. dxe5 dxe5 10. b3 Re8 11. Qxd8 Rxd8 12. Bg5 Re8 13. Rad1 h6 14. Be3 Be6 15.
Nd5 Bxd5 16. exd5 Nb4 17. c4 Ne4 18. Rc1 Bf8 19. Nd2 Nxd2 20. Bxd2 Rad8 21. Rfd1
b6 22. Bxb4 Bxb4 23. c5 Bxc5 24. Bxa6 Bd6 25. Bb5 Re7 26. Bc6 e4 27. Re1 f5 28.
Rc4 Kf7 29. b4 Rb8 30. a5 bxa5 31. bxa5 Rb2 32. a6 Ra2 33. Ba4 Bc5 34. Rf1 Kf6
35. Bb3 Ra5 36. Ra4 Rxa4 37. Bxa4 e3 38. fxe3 Rxe3 39. Kh1 Ra3 40. Bb5 h5 41.
Rc1 Bd6 42. Kg1 Ke5 43. Rd1 h4 44. Kf1 Ra2 45. Bc4 Ra4 46. Bb5 Ra5 47. Bc4 g5
48. Rd2 g4 49. hxg4 fxg4 50. Ra2 Rxa2 51. Bxa2 Bc5 52. Bc4 Kf4 53. Bb5 Kg3 54.
Bc6 h3 55. gxh3 gxh3 56. d6 cxd6 57. Bh1 Kf4 58. Ke2 Ke5 59. Kf3 d5 60. Kg3 d4
61. Kxh3 d3 62. Bf3 1/2-1/2

[Event "World Blitz 2016"]
[Site "Doha QAT"]
[Date "2016.12.29"]
[Round "2.38"]
[White "Lu, Shanglei"]
[Black "Hirneise, Tobias"]
[Result "1-0"]
[WhiteTitle "GM"]
[BlackTitle "IM"]
[WhiteElo "2627"]
[BlackElo "2466"]
[WhiteFideId "8603332"]
[BlackFideId "24600881"]
[EventDate "2016.12.29"]

1. e4 c5 2. Nf3 d6 3. d4 cxd4 4. Nxd4 Nf6 5. Nc3 Nc6 6. f3 e5 7. Nb3 Be7 8. Be3
O-O 9. Qd2 a5 10. Rd1 a4 11. Nc1 Be6 12. Nd5 a3 13. b3 Bxd5 14. exd5 Nb8 15. c4
Nh5 16. Bd3 f5 17. O-O Nd7 18. Ne2 Nc5 19. Bc2 Qd7 20. Nc3 Qd8 21. Bxc5 dxc5 22.
d6 Bg5 23. Qd5+ Kh8 24. Qxc5 Rc8 25. Qxe5 Qb6+ 26. Kh1 Bf6 27. Qxf5 g6 28. Qd3
Bg7 29. Ne4 Rcd8 30. c5 Qb4 31. Qd2 Qb5 32. Bd3 Qc6 33. b4 Qd5 34. Qc2 Nf4 35.
Bc4 Qh5 36. b5 Be5 37. g3 Nh3 38. f4 Bg7 39. c6 bxc6 40. bxc6 Rde8 41. Be2 Qf5
42. d7 Rxe4 43. d8=Q Qe6 44. Bf3 Rc4 45. Qe2 1-0

[Event "World Blitz 2016"]
[Site "Doha QAT"]
[Date "2016.12.29"]
[Round "2.39"]
[White "Darini, Pouria"]
[Black "Melkumyan, Hrant"]
[Result "1/2-1/2"]
[WhiteTitle "GM"]
[BlackTitle "GM"]
[WhiteElo "2511"]
[BlackElo "2633"]
[WhiteFideId "12502200"]
[BlackFideId "13302485"]
[EventDate "2016.12.29"]

1. d4 d5 2. Nc3 c6 3. Bf4 Qb6 4. Rb1 Nf6 5. e3 Bf5 6. f3 h6 7. g4 Bg6 8. h4 Nbd7
9. Bd3 Bxd3 10. Qxd3 e6 11. Nge2 a5 12. Ng3 a4 13. a3 Qa6 14. Qxa6 Rxa6 15. Ke2
h5 16. g5 Ng8 17. e4 Ne7 18. Nf1 Ng6 19. Bg3 Nb6 20. Ne3 Kd7 21. Rbf1 Ne7 22. f4
dxe4 23. f5 Ned5 24. fxe6+ Kxe6 25. Nxe4 Nxe3 26. Kxe3 Nc4+ 27. Kd3 b5 28. Rb1
Be7 29. Rhe1 Kd7 30. Rf1 Rf8 31. c3 Raa8 32. Rf2 Rae8 33. Rbf1 Kd8 34. Re2 f5
35. gxf6 Bxf6 36. Kc2 Be7 37. Rfe1 Rf3 38. Nd6 Rxg3 39. Nxe8 Bxh4 40. Rh1 Be7
41. Nc7 Kxc7 42. Rxe7+ Kb6 43. Re2 g6 44. Rf1 h4 45. Rf7 h3 46. Ree7 Rg2+ 47.
Kc1 Na5 48. Rf8 Nb3+ 49. Kd1 Rg1+ 50. Ke2 Rg2+ 51. Ke3 b4 52. Rb8+ Ka6 53. c4
Rg3+ 54. Kf4 Rd3 55. Ra8+ Kb6 56. Rb8+ Ka6 57. Ra8+ Kb6 58. Rb8+ Ka6 59. Ra8+ 1/2-1/2

[Event "World Blitz 2016"]
[Site "Doha QAT"]
[Date "2016.12.29"]
[Round "2.40"]
[White "Atabayev, Maksat"]
[Black "Zhigalko, Sergei"]
[Result "0-1"]
[WhiteTitle "GM"]
[BlackTitle "GM"]
[WhiteElo "2492"]
[BlackElo "2671"]
[WhiteFideId "14001101"]
[BlackFideId "13502956"]
[EventDate "2016.12.29"]

1. e4 Nf6 2. e5 Nd5 3. d4 Nb6 4. Nf3 d5 5. Bd3 Bg4 6. h3 Bxf3 7. Qxf3 e6 8. O-O
c5 9. c3 Nc6 10. Be3 Be7 11. Qg4 g6 12. Nd2 Qc7 13. a4 a6 14. Nf3 c4 15. Bc2
O-O-O 16. Bg5 Kb8 17. Rfe1 h6 18. Bxe7 Nxe7 19. h4 Nf5 20. g3 Ka8 21. Re2 Nc8
22. Qf4 Rdf8 23. Kf1 Nce7 24. Ke1 Rfg8 25. Qg4 Nc6 26. Kd2 Qe7 27. Qh3 Qd8 28.
g4 Nfe7 29. Qg3 Rf8 30. Qf4 Qc7 31. Qe3 f5 32. exf6 Rxf6 33. Ne5 Rhf8 34. Rf1
Rf4 35. f3 Nxe5 36. Qxe5 Qxe5 37. Rxe5 R4f6 38. Ke2 Nc6 39. Re3 Nd8 40. g5 hxg5
41. hxg5 Rf4 42. Rh1 Nf7 43. Rg1 Rh8 44. Bxg6 0-1

[Event "World Blitz 2016"]
[Site "Doha QAT"]
[Date "2016.12.29"]
[Round "2.41"]
[White "Atabayev, Yusup"]
[Black "Riazantsev, Alexander"]
[Result "0-1"]
[WhiteTitle "IM"]
[BlackTitle "GM"]
[WhiteElo "2473"]
[BlackElo "2671"]
[WhiteFideId "14001128"]
[BlackFideId "4125029"]
[EventDate "2016.12.29"]

1. e4 c6 2. d4 d5 3. e5 Bf5 4. Nc3 a6 5. a4 e6 6. g4 Bg6 7. Nge2 Ne7 8. Nf4 Nd7
9. h4 h5 10. g5 c5 11. Be3 cxd4 12. Bxd4 Nf5 13. Nxg6 fxg6 14. Bh3 Bb4 15. Bxf5
gxf5 16. O-O g6 17. Ne2 Kf7 18. Nf4 Rc8 19. c3 Bc5 20. a5 Qc7 21. Re1 Qc6 22.
Qb3 Be7 23. Nxd5 Nc5 24. Bxc5 Bxc5 25. Nf4 Rhe8 26. Qd1 Red8 27. Qe2 Ba7 28.
Rad1 Qc5 29. Kg2 Qxa5 30. Nxh5 Qa4 31. b4 Qc6+ 32. f3 gxh5 33. Kg3 Kg6 34. Rd6
Rxd6 35. exd6 Qxd6+ 36. Kg2 Re8 37. Qc4 Qb6 38. Qe2 Qc6 39. c4 Bb8 40. c5 Qc7
41. Kf1 Qg3 42. Qf2 Qxf2+ 43. Kxf2 Bc7 44. Re2 e5 45. Rd2 Rd8 0-1

[Event "World Blitz 2016"]
[Site "Doha QAT"]
[Date "2016.12.29"]
[Round "2.43"]
[White "Howell, David W L"]
[Black "Neelotpal, Das"]
[Result "1-0"]
[WhiteTitle "GM"]
[BlackTitle "GM"]
[WhiteElo "2644"]
[BlackElo "2463"]
[WhiteFideId "410608"]
[BlackFideId "5003512"]
[EventDate "2016.12.29"]

1. e4 e5 2. Nf3 Nc6 3. d4 exd4 4. Nxd4 Bc5 5. Nb3 Bb6 6. Nc3 Nf6 7. Qe2 O-O 8.
Be3 Bxe3 9. Qxe3 Re8 10. O-O-O a5 11. a3 d6 12. f3 Ne5 13. g4 c6 14. g5 Nh5 15.
Kb1 Be6 16. Nd4 Qb6 17. Qd2 Bc4 18. Be2 Bxe2 19. Ncxe2 d5 20. Qc3 dxe4 21. fxe4
g6 22. Nb3 Ng4 23. Rhg1 Nf2 24. Rd7 Nxe4 25. Qc4 Re6 26. Rf1 Nxg5 27. h4 Ne4 28.
Rfxf7 Rae8 29. Ned4 a4 30. Nxe6 axb3 31. Rf8+ Rxf8 32. Nxf8+ Kh8 33. Rxh7# 1-0

[Event "World Blitz 2016"]
[Site "Doha QAT"]
[Date "2016.12.29"]
[Round "2.44"]
[White "Bu, Xiangzhi"]
[Black "Shytaj, Luca"]
[Result "1-0"]
[WhiteTitle "GM"]
[BlackTitle "IM"]
[WhiteElo "2705"]
[BlackElo "2435"]
[WhiteFideId "8601445"]
[BlackFideId "812633"]
[EventDate "2016.12.29"]

1. Nf3 Nf6 2. c4 e6 3. Nc3 b6 4. d4 Bb4 5. Bg5 h6 6. Bh4 Bb7 7. Nd2 Be7 8. e3
O-O 9. Qc2 d5 10. Be2 Nbd7 11. O-O c5 12. dxc5 Nxc5 13. Rfd1 Rc8 14. Rac1 Nfe4
15. Ndxe4 Bxh4 16. Nxc5 Rxc5 17. cxd5 exd5 18. Bf3 Bf6 19. Qb3 Qc8 20. Bxd5 Bxd5
21. Rxd5 Rxd5 22. Qxd5 Rd8 23. Qb5 Rd2 24. h3 Rxb2 1-0

[Event "World Blitz 2016"]
[Site "Doha QAT"]
[Date "2016.12.29"]
[Round "2.45"]
[White "Pantsulaia, Levan"]
[Black "Hirneise, Jens"]
[Result "1-0"]
[WhiteTitle "GM"]
[BlackTitle "FM"]
[WhiteElo "2607"]
[BlackElo "2315"]
[WhiteFideId "13602071"]
[BlackFideId "24614734"]
[EventDate "2016.12.29"]

1. Nf3 Nf6 2. g3 g6 3. b3 Bg7 4. Bb2 c5 5. c4 Nc6 6. Bg2 d6 7. d4 cxd4 8. Nxd4
d5 9. cxd5 Nxd4 10. Bxd4 O-O 11. O-O Bf5 12. Nc3 Qd7 13. e4 Bh3 14. e5 Bxg2 15.
exf6 Bxf1 16. fxg7 Rfc8 17. Qxf1 f6 18. Re1 Kxg7 19. Qe2 Re8 20. Qb5 Qc7 21. Re6
a6 22. Qc4 Qxc4 23. bxc4 Kf7 24. Na4 Rac8 25. Nb6 Rc7 26. a4 Rd8 27. a5 Rd6 28.
Re2 e5 29. c5 Rd8 30. Be3 g5 31. g4 h5 32. h3 hxg4 33. hxg4 Rh8 34. Nc4 Rd8 35.
Nd6+ Kg6 36. Rb2 Rdd7 37. Kg2 Rh7 38. Rb6 Rh4 39. f3 Rch7 40. Bg1 Rd7 41. Rxb7 1-0

[Event "World Blitz 2016"]
[Site "Doha QAT"]
[Date "2016.12.29"]
[Round "2.46"]
[White "Volokitin, Andrei"]
[Black "Tregubov, Pavel V."]
[Result "1/2-1/2"]
[WhiteTitle "GM"]
[BlackTitle "GM"]
[WhiteElo "2649"]
[BlackElo "2585"]
[WhiteFideId "14107090"]
[BlackFideId "4115341"]
[EventDate "2016.12.29"]

1. e4 c5 2. Nf3 e6 3. d4 cxd4 4. Nxd4 Nc6 5. Nc3 Nf6 6. Ndb5 Bb4 7. a3 Bxc3+ 8.
Nxc3 d5 9. exd5 exd5 10. Bd3 O-O 11. O-O d4 12. Ne2 Bg4 13. Bg5 Qd6 14. Qd2 h6
15. Bf4 Qd7 16. h3 Bxe2 17. Qxe2 Rfe8 18. Qf3 Ne5 19. Bxe5 Rxe5 20. Rfe1 Rae8
21. Rxe5 Rxe5 22. Rd1 b6 23. g3 Qxh3 24. Bf1 Qd7 25. Qf4 Re4 26. Qb8+ Re8 27.
Qf4 Re4 28. Qb8+ Re8 29. Qf4 Re4 30. Qb8+ Re8 31. Qf4 Re4 1/2-1/2

[Event "World Blitz 2016"]
[Site "Doha QAT"]
[Date "2016.12.29"]
[Round "2.47"]
[White "Quintiliano Pinto, Renato R."]
[Black "Flores, Diego"]
[Result "1/2-1/2"]
[WhiteTitle "IM"]
[BlackTitle "GM"]
[WhiteElo "2484"]
[BlackElo "2579"]
[WhiteFideId "2117568"]
[BlackFideId "108049"]
[EventDate "2016.12.29"]

1. Nf3 c5 2. c4 g6 3. g3 Bg7 4. Bg2 Nc6 5. O-O d6 6. Nc3 e6 7. e3 Nge7 8. d4 O-O
9. a3 b6 10. Rb1 Bb7 11. b3 Rc8 12. Re1 cxd4 13. Nxd4 d5 14. Nxc6 Bxc6 15. Nb5
Bxb5 16. cxb5 Nf5 17. a4 Re8 18. e4 dxe4 19. Qxd8 Rexd8 20. Bxe4 Nd4 21. Bg5 f6
22. Be3 f5 23. Bxd4 Bxd4 24. Bc6 e5 25. Kg2 Kg7 26. Red1 h5 27. Rd2 Kf6 28. Rbd1
Rd6 29. f4 Rcd8 30. fxe5+ Kxe5 31. h4 a5 32. Kf3 Kf6 33. Rd3 Bc5 34. Rxd6+ Rxd6
35. Rxd6+ Bxd6 36. Be8 Be5 37. Bc6 Bd6 38. Be8 1/2-1/2

[Event "World Blitz 2016"]
[Site "Doha QAT"]
[Date "2016.12.29"]
[Round "2.48"]
[White "Al-Sayed, Mohammed"]
[Black "Gashimov, Sarkhan"]
[Result "1-0"]
[WhiteTitle "GM"]
[WhiteElo "2508"]
[BlackElo "2351"]
[WhiteFideId "12100196"]
[BlackFideId "13400657"]
[EventDate "2016.12.29"]

1. d4 Nf6 2. Nf3 b6 3. Bg5 Bb7 4. Nbd2 e6 5. e3 Be7 6. Bd3 c5 7. c3 h6 8. Bh4 d6
9. Qe2 Nbd7 10. a4 a6 11. O-O O-O 12. Rfe1 Re8 13. Rad1 Qc7 14. h3 d5 15. Bg3
Qc6 16. Ne5 Nxe5 17. dxe5 Ne4 18. Nxe4 dxe4 19. Bc2 Rad8 20. Qg4 Rxd1 21. Rxd1
Rd8 22. Rxd8+ Bxd8 23. Bh4 Bxh4 24. Qxh4 Qd5 25. Qe7 Bc6 26. Qc7 b5 27. axb5
axb5 28. Kh2 c4 29. f3 Qd7 30. Qb8+ Kh7 31. Qd6 Qxd6 32. exd6 Kg8 33. Bxe4 Bxe4
34. d7 1-0

[Event "World Blitz 2016"]
[Site "Doha QAT"]
[Date "2016.12.29"]
[Round "2.49"]
[White "Xu, Yi"]
[Black "Bindrich, Falko"]
[Result "1-0"]
[WhiteTitle "IM"]
[BlackTitle "GM"]
[WhiteElo "2430"]
[BlackElo "2590"]
[WhiteFideId "8605564"]
[BlackFideId "4676670"]
[EventDate "2016.12.29"]

1. e4 e5 2. Nf3 Nc6 3. Bc4 Bc5 4. O-O Nf6 5. d3 d6 6. a4 a6 7. c3 O-O 8. h3 h6
9. Na3 Ba7 10. Re1 Be6 11. b4 Re8 12. Bxe6 Rxe6 13. a5 d5 14. exd5 Qxd5 15. Be3
Rd8 16. Bxa7 Nxa7 17. Qc2 Nb5 18. Nxb5 axb5 19. Rad1 Rde8 20. d4 e4 21. Ne5 Nd7
22. f4 exf3 23. Nxf3 Rxe1+ 24. Rxe1 Rxe1+ 25. Nxe1 Nf6 26. Nd3 Ne4 27. Nc5 Nd6
28. Qe2 b6 29. Qe5 Qc4 30. axb6 cxb6 31. Qxd6 bxc5 32. dxc5 Qxc3 33. c6 Kh7 34.
Qc5 Qe1+ 35. Kh2 Qe4 36. c7 1-0

[Event "World Blitz 2016"]
[Site "Doha QAT"]
[Date "2016.12.29"]
[Round "2.50"]
[White "Tissir, Mohamed"]
[Black "Najer, Evgeniy"]
[Result "0-1"]
[WhiteTitle "IM"]
[BlackTitle "GM"]
[WhiteElo "2376"]
[BlackElo "2679"]
[WhiteFideId "9000240"]
[BlackFideId "4118987"]
[EventDate "2016.12.29"]

1. e4 c5 2. Nc3 e6 3. Nf3 a6 4. d4 cxd4 5. Nxd4 b5 6. Bd3 Qb6 7. Nb3 Qc7 8. O-O
Nf6 9. f4 Bb7 10. Qe2 Be7 11. Bd2 b4 12. Nd1 O-O 13. Nf2 Nc6 14. e5 Nd5 15. Ne4
a5 16. Qh5 g6 17. Qh6 Ba6 18. Rf3 f5 19. exf6 Nxf6 20. Ng5 Bxd3 21. cxd3 Nd8 22.
Rc1 Qb7 23. Rg3 Nf7 24. Nxf7 Rxf7 25. Nc5 Qd5 26. Be3 Rc8 27. d4 d6 28. Nd3
Rxc1+ 29. Nxc1 Qe4 30. Qh3 Nd5 31. Nb3 Bf6 32. Nd2 Qf5 33. Qxf5 exf5 34. Nc4 Rc7
35. b3 Rxc4 36. bxc4 Nxe3 37. c5 dxc5 38. dxc5 Kf7 39. Kf2 Bd4 40. c6 Ke6 41.
Ke2 Kd6 42. Kd3 Bb6 43. Rh3 Nxg2 44. Rxh7 Nxf4+ 45. Kc4 Kxc6 46. Rh4 Be3 47. Rh8
Nd5 48. Rg8 Ne7 49. Rg7 Kd6 50. Rf7 Ke6 51. Rf8 Bf4 52. h3 Bd2 53. Ra8 f4 54.
Rxa5 f3 55. Kd3 Bf4 56. Rb5 Nc6 57. Rb6 Kd5 58. Rb7 Ne5+ 59. Kc2 f2 60. Rxb4
f1=Q 0-1

[Event "World Blitz 2016"]
[Site "Doha QAT"]
[Date "2016.12.29"]
[Round "2.51"]
[White "Lalith, Babu M R"]
[Black "Gholami, Aryan"]
[Result "1-0"]
[WhiteTitle "GM"]
[BlackTitle "IM"]
[WhiteElo "2587"]
[BlackElo "2422"]
[WhiteFideId "5024595"]
[BlackFideId "12513342"]
[EventDate "2016.12.29"]

1. d4 Nf6 2. Nf3 e6 3. c4 b6 4. g3 Bb7 5. Bg2 Be7 6. O-O O-O 7. Nc3 Ne4 8. Qc2
Nxc3 9. Qxc3 c5 10. Bf4 cxd4 11. Qxd4 Nc6 12. Qd2 d6 13. Rfd1 e5 14. Be3 Qc7 15.
Rac1 Rad8 16. h4 f5 17. Ng5 Bxg5 18. Bxg5 Ne7 19. Bd5+ Kh8 20. Rc3 Qd7 21. Bxb7
Qxb7 22. Rd3 h6 23. Bxe7 Qxe7 24. Rxd6 Rc8 25. b3 f4 26. Qd3 Rce8 27. Qe4 Qf7
28. Rd7 Qh5 29. Kg2 Qg4 30. R7d6 Qh5 31. Qf3 Qf7 32. Rd7 Qf5 33. e4 Qh7 34. g4
Qg6 35. R1d6 Rf6 36. Rd5 Rf7 37. R7d6 Rf6 38. Rxf6 Qxf6 39. Kh3 Qf7 40. Qd3 f3
41. Qe3 Qf6 42. Qd2 Rf8 43. Rd6 Qf7 44. Rd8 Kh7 45. Rxf8 Qxf8 46. Qd7 Kh8 47.
Qf5 Qc5 48. Qxf3 Qd4 49. Kg2 Qb2 50. g5 hxg5 51. hxg5 Qd2 52. g6 Qg5+ 53. Qg3
Qf6 54. Qh3+ Kg8 55. Qc8+ Qf8 56. Qxf8+ Kxf8 57. f4 Ke7 58. f5 Kf6 59. b4 Ke7
60. c5 bxc5 61. bxc5 1-0

[Event "World Blitz 2016"]
[Site "Doha QAT"]
[Date "2016.12.29"]
[Round "2.52"]
[White "Saeed, Ishaq"]
[Black "Maghsoodloo, Parham"]
[Result "1-0"]
[WhiteTitle "FM"]
[BlackTitle "GM"]
[WhiteElo "2312"]
[BlackElo "2584"]
[WhiteFideId "9301453"]
[BlackFideId "12539929"]
[EventDate "2016.12.29"]

1. d4 Nf6 2. Nf3 e6 3. c4 b6 4. e3 Bb7 5. Bd3 Bb4+ 6. Nbd2 O-O 7. O-O d5 8. a3
Be7 9. cxd5 exd5 10. b4 Nbd7 11. Bb2 c6 12. Qb3 Re8 13. a4 a5 14. bxa5 Rxa5 15.
Bc3 Ra7 16. Qb1 Qa8 17. Bc2 Bd6 18. h3 c5 19. Re1 Bc6 20. dxc5 bxc5 21. a5 Bc7
22. Qa2 Rb8 23. Bd3 Bd8 24. Ne5 Nxe5 25. Bxe5 Rxa5 26. Qc2 Rb7 27. Nb3 Rxa1 28.
Rxa1 Ra7 29. Rxa7 Qxa7 30. Nxc5 Qe7 31. Bd4 g6 32. Qb2 Be8 33. Bc2 Nd7 34. Nd3
Bc7 1-0

[Event "World Blitz 2016"]
[Site "Doha QAT"]
[Date "2016.12.29"]
[Round "2.54"]
[White "khayat, Abdullah F"]
[Black "Svane, Rasmus"]
[Result "0-1"]
[BlackTitle "GM"]
[WhiteElo "1732"]
[BlackElo "2555"]
[WhiteFideId "21500460"]
[BlackFideId "4657101"]
[EventDate "2016.12.29"]

1. d4 Nf6 2. Nf3 d5 3. g3 Bf5 4. Bg2 e6 5. O-O c6 6. Nbd2 Be7 7. c4 h6 8. cxd5
exd5 9. Re1 O-O 10. Nh4 Bh7 11. Nhf3 Re8 12. Qb3 Qb6 13. e3 Na6 14. a3 Bd6 15.
Bh3 Ne4 16. Qxb6 axb6 17. Nxe4 Bxe4 18. Nd2 Bg6 19. Nf3 Nb4 20. axb4 Rxa1 21.
Bd2 Rea8 22. Rxa1 Rxa1+ 23. Kg2 Be4 24. Bc8 f5 25. h3 Ra7 26. g4 g6 27. Be6+ Kf8
28. gxf5 gxf5 0-1

[Event "World Blitz 2016"]
[Site "Doha QAT"]
[Date "2016.12.29"]
[Round "3.2"]
[White "Bosiocic, Marin"]
[Black "Karjakin, Sergey"]
[Result "0-1"]
[WhiteTitle "GM"]
[BlackTitle "GM"]
[WhiteElo "2591"]
[BlackElo "2785"]
[WhiteFideId "14507927"]
[BlackFideId "14109603"]
[EventDate "2016.12.29"]

1. c4 e5 2. g3 Nf6 3. Bg2 d5 4. cxd5 Nxd5 5. Nc3 Nb6 6. Nf3 Nc6 7. O-O Be7 8.
Rb1 a5 9. d3 O-O 10. Be3 Be6 11. Bxb6 cxb6 12. Qa4 f5 13. Rfd1 Bf6 14. a3 Kh8
15. e3 Bf7 16. Rbc1 Be8 17. Qb3 Bf7 18. Qc2 Bh5 19. Rd2 Rf7 20. d4 e4 21. Ne1
Rc7 22. Qb1 Ne7 23. f3 Bg5 24. f4 Bf6 25. Rdc2 Rac8 26. Nb5 Rc6 27. Nc3 Bf7 28.
b4 Bxd4 29. exd4 Qxd4+ 30. Kh1 Rxc3 31. Rxc3 Rxc3 32. Qb2 axb4 33. axb4 Nd5 34.
Bf1 h6 35. Rxc3 Qxc3 36. Qxc3 Nxc3 37. Nc2 g6 38. Ne3 Na2 39. Nc2 Kg7 40. Kg1
Kf6 41. Kf2 g5 42. h3 Nc3 43. Ne3 Bb3 0-1

[Event "World Blitz 2016"]
[Site "Doha QAT"]
[Date "2016.12.29"]
[Round "3.5"]
[White "Quparadze, Giga"]
[Black "Grischuk, Alexander"]
[Result "0-1"]
[WhiteTitle "IM"]
[BlackTitle "GM"]
[WhiteElo "2481"]
[BlackElo "2737"]
[WhiteFideId "13602250"]
[BlackFideId "4126025"]
[EventDate "2016.12.29"]

1. e4 c5 2. Nf3 d6 3. d4 cxd4 4. Nxd4 Nf6 5. Nc3 a6 6. h3 e6 7. g4 Be7 8. Bg2
Nfd7 9. g5 b5 10. h4 Bb7 11. a3 Nc6 12. Be3 O-O 13. g6 hxg6 14. h5 g5 15. Qd2
Nce5 16. b3 Ng4 17. a4 bxa4 18. Nxa4 Nde5 19. O-O-O Nxe3 20. Qxe3 g4 21. Kb1 Bg5
22. Qg3 Qf6 23. Ne2 Rfd8 24. Rdf1 Rab8 25. f4 gxf3 26. Bxf3 Nxf3 27. Rxf3 Qe5
28. Qxe5 dxe5 29. Nc5 Ba8 30. Nc1 a5 31. N1d3 Rbc8 32. Rg1 Bh6 33. Nxe5 Rxc5 34.
Nxf7 Bxe4 35. Nxh6+ Kh7 36. Nf7 Bxc2+ 37. Ka1 Rd1+ 38. Rxd1 Bxd1 39. Rg3 Bxh5
40. Ng5+ Kh6 41. Nxe6 Re5 42. Nf4 g5 43. Nd3 Rf5 44. Kb2 g4 45. Rg2 Kg5 46. Nf2
Rf3 47. Ka3 Kf4 48. Nxg4 Bxg4 49. Ka4 Bd7+ 50. Kxa5 Rxb3 51. Rd2 Be6 52. Ka4 Rb8
53. Ka5 Ke5 54. Rd3 Bc4 55. Rd7 Bd5 56. Ka6 Kd4 57. Ka7 Rb1 58. Rc7 Ke5 59. Rd7
Bc6 60. Rd8 Bd5 61. Rd7 Kd4 62. Rc7 Rb2 63. Ka6 Rb3 64. Ka7 Ke5 65. Rd7 Ke6 66.
Rd8 Bc6 67. Ka6 Bd7 68. Rh8 Kd6 69. Rh6+ Kc7 70. Ka5 Rb5+ 71. Ka6 Rg5 72. Rh7
Rg1 73. Ka5 Rg4 0-1

[Event "World Blitz 2016"]
[Site "Doha QAT"]
[Date "2016.12.29"]
[Round "3.6"]
[White "Dreev, Aleksey"]
[Black "Tomashevsky, Evgeny"]
[Result "1/2-1/2"]
[WhiteTitle "GM"]
[BlackTitle "GM"]
[WhiteElo "2652"]
[BlackElo "2716"]
[WhiteFideId "4100107"]
[BlackFideId "4147235"]
[EventDate "2016.12.29"]

1. d4 Nf6 2. Nf3 b6 3. c4 e6 4. a3 Bb7 5. Nc3 d5 6. Qa4+ c6 7. Bg5 dxc4 8. Qxc4
Be7 9. g3 Nbd7 10. Bg2 c5 11. dxc5 bxc5 12. O-O O-O 13. Rfd1 Nd5 14. Bxe7 Qxe7
15. Rac1 Rfc8 16. Qa4 N7b6 17. Qc2 h6 18. Ne4 c4 19. Nd4 Rab8 20. Nb5 Bc6 21.
Nbc3 Nxc3 22. Nxc3 Bxg2 23. Kxg2 Qb7+ 24. Kg1 Rd8 25. Rxd8+ Rxd8 26. Rd1 Rxd1+
27. Qxd1 Nd5 28. Qc2 Nxc3 29. Qxc3 Qe4 30. Qd2 a6 31. f3 Qc6 32. Qd4 Qb5 33. Kf2
Qb3 34. Qc3 Qb6+ 35. Kf1 Qc5 36. Qd2 Qb6 37. Kg2 Qb3 38. h4 h5 39. Qd8+ Kh7 40.
Qd4 Kg8 41. Kf2 g6 42. Ke1 Qc2 43. Qc3 Qa4 44. Kd2 Qd7+ 45. Kc2 Qa4+ 46. Kc1 Qb5
47. Kc2 Qa4+ 1/2-1/2

[Event "World Blitz 2016"]
[Site "Doha QAT"]
[Date "2016.12.29"]
[Round "3.8"]
[White "Aleksandrov, Aleksej"]
[Black "Adly, Ahmed"]
[Result "0-1"]
[WhiteTitle "GM"]
[BlackTitle "GM"]
[WhiteElo "2574"]
[BlackElo "2599"]
[WhiteFideId "13500139"]
[BlackFideId "10601619"]
[EventDate "2016.12.29"]

1. d4 d5 2. c4 e6 3. Nc3 Nf6 4. cxd5 exd5 5. Bg5 c6 6. e3 Be7 7. Bd3 O-O 8. Qc2
Nbd7 9. Nge2 Re8 10. f3 Nf8 11. Bh4 a5 12. O-O Ng6 13. Bf2 Bd6 14. Kh1 b5 15.
Bg1 Ba6 16. Rad1 b4 17. Bxa6 Rxa6 18. Na4 Qb8 19. b3 Qb5 20. Rc1 Ra7 21. Qd2 h5
22. Rc2 h4 23. Rfc1 h3 24. g3 Rc7 25. Nc5 Nh7 26. Qd3 Ng5 27. Qf5 Bxc5 28. Qxg5
Bd6 29. Qf5 a4 30. Qxh3 axb3 31. axb3 Qd3 32. Qf1 Qxb3 33. Rxc6 Rec8 34. Rxc7
Rxc7 35. Rxc7 Bxc7 36. Qc1 Qc4 37. Qd2 b3 38. Bf2 Ba5 39. Qxa5 Qxe2 40. Kg2 b2
41. Qa2 Qc2 42. h4 b1=Q 0-1